Statistiques concernant Paroles : L'Assasymphonie - Mozart l'Opéra Rock

Cliquez ici pour prendre le quiz!

Statistiques générales

  • Ce quiz a été pris 2 201 fois
  • Le résultat moyen est 174 sur 211

Statistiques - réponses

Réponse% Correct
je
99%
Je
99%
à
98%
la
98%
me
98%
nuit
98%
ce
97%
mes
95%
qui
94%
au
93%
l'Assasymphonie
93%
nuits
93%
de
92%
voue
92%
que
91%
Cette
90%
cette
90%
ma
90%
requiem
90%
et
89%
tu
87%
tous
86%
ceux
85%
folie
85%
guette
85%
insomnie
83%
s'aiment
83%
suis
83%
maudis
82%
tête
82%
maudis
81%
sème
81%
aux
80%
J'avoue
80%
blasphèmes
79%
le
79%
mon
79%
Elle
78%
intenable
78%
scie
78%
cacophonie
77%
dit
77%
fuis
77%
par
77%
tes
76%
qu'il
75%
Quoi
75%
advienne
74%
dépit
74%
subis
73%
dans
72%
délits
72%
Tuant
72%
tuant
72%
harmonie
70%
paieras
70%
ses
70%
Sans
69%
sans
69%
chaînes
68%
être
67%
les
67%
On
66%
peines
66%
vie
65%
fatale
64%
ronge
64%
veux
64%
concerto
63%
faux
63%
hérésie
63%
joue
63%
sonne
63%
traîne
63%
assommante
62%
envies
61%
toucher
61%
Déconcertant
60%
renaître
60%
symphonie
60%
défaites
59%
mélomanie
59%
talent
59%
désharmonie
58%
ennui
58%
esprit
58%
fête
58%
violence
58%
renie
57%
violons
57%
tue
56%
noie
55%
tapis
53%
L'ennemi
52%
répit
52%
défie
48%
phobies
48%
Pleurent
48%
siphonnée
44%
beau
39%

Distribution des résultats

Percentile par nombre de réponses

% des personnes avec chaque résultat

Votre développement - résultats

Vous n’avez pas pris ce quiz